Komparatívna analýza klasickej formy volieb a elektronických volieb bakalárska práca

Salvato in:
Dettagli Bibliografici
Autore principale: Tóth, Richard
Ente Autore: Národohospodárska fakulta EU. Katedra hospodárskej politiky
Altri autori: Neubauerová, Erika, 1968-
Natura: Libro
Lingua:slovacco
Pubblicazione: Bratislava 2017
Tags: Aggiungi Tag
Nessun Tag, puoi essere il primo ad aggiungerne!!

MARC

LEADER 00000nbm a2200000 4500
001 0235351
005 20171019121829.9
041 0 |a slo 
044 |a SK 
245 1 0 |a Komparatívna analýza klasickej formy volieb a elektronických volieb  |b bakalárska práca  |c Richard Tóth ; školiteľ: Erika Neubauerová 
264 1 |a Bratislava  |c 2017 
300 |a 60 s. 
100 1 |a Tóth, Richard 
700 1 |a Neubauerová, Erika, 1968- 
710 2 |a Národohospodárska fakulta EU. Katedra hospodárskej politiky